[Event "TUR Cup"]
[Site "Denizli"]
[Date "2023.07.20"]
[Round "7"]
[White "Inan, Yasir Kerem"]
[Black "Yuceturk, Hakan"]
[Result "1-0"]
[WhiteElo "1410"]
[BlackElo "1302"]
[PlyCount "111"]
[EventDate "2023.07.16"]
[EventType "team-tourn"]
[EventRounds "9"]
[EventCountry "TUR"]
[SourceTitle "CBM 215 Extra"]
[Source "ChessBase"]
[SourceDate "2023.09.30"]
[SourceVersion "1"]
[SourceVersionDate "2023.09.30"]
[SourceQuality "1"]

1. e4 d6 2. d4 g6 3. c4 Bg7 4. Nc3 Nf6 5. g3 b6 6. Bg2 Bb7 7. Nge2 Nbd7 8. h3 c5 9. 0-0 Rb8 10. Be3 cxd4 11. Nxd4 0-0 12. Qc2 Ne5 13. b3 Nfd7 14. f4 Nc6 15. Nxc6 Bxc6 16. Rad1 Qc7 17. Bd4 Bxd4+ 18. Rxd4 b5 19. Kh2 Rfc8 20. Qf2 Qa5 21. Nxb5 Bxb5 22. cxb5 Qxb5 23. e5 Qc5 24. exd6 exd6 25. Qd2 Qc2 26. Rxd6 Nb6 27. Rd1 Qxd2 28. R1xd2 Rc7 29. h4 Rbc8 30. Bh3 f5 31. Bg2 Kf7 32. h5 Rc2 33. a4 Rxd2 34. Rxd2 Rc7 35. h6 Nd7 36. Bd5+ Ke7 37. Re2+ Kd6 38. Bg8 Nf6 39. Re6+ Kd5 40. Rxf6+ Ke4 41. Bc4 Rd7 42. Re6+ Kf3 43. Re2 Rd1 44. Rc2 Re1 45. Bg8 Re7 46. b4 Kg4 47. b5 g5 48. fxg5 Kxg5 49. a5 Kxh6 50. b6 axb6 51. axb6 Rb7 52. Rb2 Kg6 53. Bd5 Rb8 54. b7 Kf6 55. Rc2 Ke7 56. Rc8 1-0